Modernizácia direktív EÚ v súlade s vývojom podnikania
Vyjadrenie odborníkov z účtovníctva ČR k návrhu zmien direktív EÚ týkajúcich sa pravidiel oceňovania v ročnej účtovnej uzávierke a konsolidovanej účtovnej uzávierke určitých typov spoločností.
Gespeichert in:
| 1. Verfasser: | |
|---|---|
| Weitere Verfasser: | |
| Format: | Buchkapitel |
| Sprache: | Slowakisch |
| Schlagworte: | |
| Tags: |
Keine Tags, Fügen Sie das erste Tag hinzu!
|
MARC
| LEADER | 00000naa a2200000 4500 | ||
|---|---|---|---|
| 001 | r040287 | ||
| 005 | 20231002072940.9 | ||
| 041 | 0 | |a slo | |
| 044 | |a SK | ||
| 245 | 1 | 0 | |a Modernizácia direktív EÚ v súlade s vývojom podnikania |c Hana Březinová ; preložila: Bronislava Kovalčíková |
| 520 | |a Vyjadrenie odborníkov z účtovníctva ČR k návrhu zmien direktív EÚ týkajúcich sa pravidiel oceňovania v ročnej účtovnej uzávierke a konsolidovanej účtovnej uzávierke určitých typov spoločností. | ||
| 610 | 2 | 0 | |a účtovníctvo |
| 610 | 2 | 0 | |a legislatíva |
| 610 | 2 | 0 | |a smernice |
| 610 | 2 | 0 | |a Európska únia |
| 610 | 2 | 0 | |a oceňovanie |
| 610 | 2 | 0 | |a závierka účtovná |
| 610 | 2 | 0 | |a závierka účtovná konsolidovaná |
| 610 | 2 | 0 | |a novelizácia |
| 100 | 1 | |a Březinová, Hana | |
| 700 | 1 | |a Kovalčíková, Bronislava | |